| 000 | 00899nam a2200289Ia 4500 | ||
|---|---|---|---|
| 001 | Z_3460 | ||
| 003 | CHAP | ||
| 008 | 220113s2000 xx 000 0 und d | ||
| 010 | _a166573 | ||
| 040 | _cCHAP | ||
| 090 | _aTesis M 1495 | ||
| 100 |
_aMéndez López, Rocío M _9140641 |
||
| 245 |
_aComportamiento productivo de ovinos y de una pradera de Dactylis glomerata a tres cargas animales / _cpor Rocío M Méndez López y Alfredo Villegas Orona |
||
| 260 |
_aChapingo, Méx. : _bEl autor, _c2000 |
||
| 300 | _a76 h. | ||
| 502 | _aTesis (Ing. Agr. Esp. en Zootecnia) -- UACH. Departamento de Zootecnia | ||
| 650 |
_aCarga ganadera _918949 |
||
| 650 |
_aDactylis glomerata _930865 |
||
| 650 |
_aGanado lanar _xPastoreo _945209 |
||
| 700 |
_aVillegas Orona, Alfredo _9119762 |
||
| 901 | _aTESIS M 1495 | ||
| 902 | _aM | ||
| 910 | _a2000 | ||
| 942 | _c2 | ||
| 942 | _c2 | ||
| 999 |
_c166573 _d166573 |
||